<?xml version="1.0" encoding="UTF-8"?>
<record
    xmlns:xsi="http://www.w3.org/2001/XMLSchema-instance"
    xsi:schemaLocation="http://www.loc.gov/MARC21/slim http://www.loc.gov/standards/marcxml/schema/MARC21slim.xsd"
    xmlns="http://www.loc.gov/MARC21/slim">

  <leader>01976cam a2200337 i 4500</leader>
  <controlfield tag="001">18176903</controlfield>
  <controlfield tag="003">OSt</controlfield>
  <controlfield tag="005">20210414114604.0</controlfield>
  <controlfield tag="008">140604s2016    nyuab         000 0 eng  </controlfield>
  <datafield tag="010" ind1=" " ind2=" ">
    <subfield code="a">  2014021841</subfield>
  </datafield>
  <datafield tag="020" ind1=" " ind2=" ">
    <subfield code="a">9780078021411 (hbk : alk. paper)</subfield>
  </datafield>
  <datafield tag="040" ind1=" " ind2=" ">
    <subfield code="a">DLC</subfield>
    <subfield code="b">eng</subfield>
    <subfield code="c">DLC</subfield>
    <subfield code="e">rda</subfield>
    <subfield code="d">DLC</subfield>
  </datafield>
  <datafield tag="042" ind1=" " ind2=" ">
    <subfield code="a">pcc</subfield>
  </datafield>
  <datafield tag="050" ind1="0" ind2="0">
    <subfield code="a">QP141.W38 </subfield>
  </datafield>
  <datafield tag="082" ind1="0" ind2="0">
    <subfield code="a">612.3</subfield>
    <subfield code="2">23</subfield>
  </datafield>
  <datafield tag="100" ind1="1" ind2=" ">
    <subfield code="a">Byrd-Bredbenner, Carol.</subfield>
  </datafield>
  <datafield tag="245" ind1="1" ind2="0">
    <subfield code="a">Wardlaw's perspectives in nutrition. /</subfield>
    <subfield code="c">Gaile Moe, Jacqueline Berning and Danita Kelley.</subfield>
  </datafield>
  <datafield tag="250" ind1=" " ind2=" ">
    <subfield code="a">Tenth edition.</subfield>
  </datafield>
  <datafield tag="260" ind1=" " ind2=" ">
    <subfield code="a">New York :</subfield>
    <subfield code="b">McGraw-HIll/ Education,</subfield>
    <subfield code="c">2016.</subfield>
  </datafield>
  <datafield tag="300" ind1=" " ind2=" ">
    <subfield code="a">xxxiii, 690p. + various pagings :</subfield>
    <subfield code="b">color illustations, color maps ;</subfield>
    <subfield code="c">29 cm.</subfield>
  </datafield>
  <datafield tag="500" ind1=" " ind2=" ">
    <subfield code="a">Revision of: Wardlaw's perspectives in nutrition. 2013. 9th ed.</subfield>
  </datafield>
  <datafield tag="504" ind1=" " ind2=" ">
    <subfield code="a">Includes bibliographical references.</subfield>
  </datafield>
  <datafield tag="505" ind1=" " ind2=" ">
    <subfield code="a">Contents: Part 1: Nutrition basics: 1. The science of nutrition -- 2. Tools of a healthy diet -- 3. The food supply -- 4. Human digestion and absorption -- Part 2: Energy-yielding nutrients and alcohol: 5. Carbohydrates -- 6. Lipids -- 7. Proteins -- 8. Alcohol -- Part 3: Metabolism and energy balance: 9. Energy metabolism -- 10. Energy balance, weight control, and eating disorders -- 11. Nutrition, exercise, and sports --  Part 4: Vitamins and minerals: 12. The fat-soluble vitamins -- 13. The water-soluble vitamins -- 14. Water an major minerals -- 15. Trace minerals -- Part 5: Nutrition application in the life cycle: 16. Nutritional aspects of pregnancy and breastfeeding  -- 17. Nutrition during the growing years -- 18. Nutrition during the adult years. </subfield>
  </datafield>
  <datafield tag="650" ind1=" " ind2="0">
    <subfield code="a">Nutrition.</subfield>
  </datafield>
  <datafield tag="700" ind1="1" ind2=" ">
    <subfield code="a">Moe, Gaile.</subfield>
  </datafield>
  <datafield tag="700" ind1="1" ind2=" ">
    <subfield code="a">Kelley, Danita S.</subfield>
  </datafield>
  <datafield tag="700" ind1="1" ind2=" ">
    <subfield code="a">Berning, Jacqueline R.</subfield>
  </datafield>
  <datafield tag="906" ind1=" " ind2=" ">
    <subfield code="a">7</subfield>
    <subfield code="b">cbc</subfield>
    <subfield code="c">orignew</subfield>
    <subfield code="d">1</subfield>
    <subfield code="e">ecip</subfield>
    <subfield code="f">20</subfield>
    <subfield code="g">y-gencatlg</subfield>
  </datafield>
  <datafield tag="942" ind1=" " ind2=" ">
    <subfield code="2">lcc</subfield>
    <subfield code="c">BK</subfield>
  </datafield>
  <datafield tag="999" ind1=" " ind2=" ">
    <subfield code="c">6630</subfield>
    <subfield code="d">14130</subfield>
  </datafield>
  <datafield tag="952" ind1=" " ind2=" ">
    <subfield code="0">0</subfield>
    <subfield code="1">0</subfield>
    <subfield code="2">lcc</subfield>
    <subfield code="4">0</subfield>
    <subfield code="7">0</subfield>
    <subfield code="a">WIUC-1</subfield>
    <subfield code="b">WIUC-1</subfield>
    <subfield code="c">GEN</subfield>
    <subfield code="d">2018-08-06</subfield>
    <subfield code="l">0</subfield>
    <subfield code="o">QP141.W38</subfield>
    <subfield code="p">8331/150/18</subfield>
    <subfield code="r">2018-08-06 00:00:00</subfield>
    <subfield code="t">1</subfield>
    <subfield code="w">2018-08-06</subfield>
    <subfield code="y">BK</subfield>
  </datafield>
  <datafield tag="952" ind1=" " ind2=" ">
    <subfield code="0">0</subfield>
    <subfield code="1">0</subfield>
    <subfield code="2">lcc</subfield>
    <subfield code="4">0</subfield>
    <subfield code="7">0</subfield>
    <subfield code="a">WIUC-1</subfield>
    <subfield code="b">WIUC-1</subfield>
    <subfield code="c">GEN</subfield>
    <subfield code="d">2018-08-06</subfield>
    <subfield code="l">0</subfield>
    <subfield code="o">QP141.W381</subfield>
    <subfield code="p">8332/151/18</subfield>
    <subfield code="r">2018-08-06 00:00:00</subfield>
    <subfield code="t">2</subfield>
    <subfield code="w">2018-08-06</subfield>
    <subfield code="y">BK</subfield>
  </datafield>
  <datafield tag="952" ind1=" " ind2=" ">
    <subfield code="0">0</subfield>
    <subfield code="1">0</subfield>
    <subfield code="2">lcc</subfield>
    <subfield code="4">0</subfield>
    <subfield code="7">0</subfield>
    <subfield code="a">WIUC-1</subfield>
    <subfield code="b">WIUC-1</subfield>
    <subfield code="c">GEN</subfield>
    <subfield code="d">2018-08-06</subfield>
    <subfield code="l">0</subfield>
    <subfield code="o">QP141.W382</subfield>
    <subfield code="p">8333/152/18</subfield>
    <subfield code="r">2018-08-06 00:00:00</subfield>
    <subfield code="t">3</subfield>
    <subfield code="w">2018-08-06</subfield>
    <subfield code="y">BK</subfield>
  </datafield>
  <datafield tag="952" ind1=" " ind2=" ">
    <subfield code="0">0</subfield>
    <subfield code="1">0</subfield>
    <subfield code="2">lcc</subfield>
    <subfield code="4">0</subfield>
    <subfield code="7">0</subfield>
    <subfield code="a">WIUC-1</subfield>
    <subfield code="b">WIUC-1</subfield>
    <subfield code="c">GEN</subfield>
    <subfield code="d">2018-08-06</subfield>
    <subfield code="l">0</subfield>
    <subfield code="o">QP141.W383</subfield>
    <subfield code="p">8334/153/18</subfield>
    <subfield code="r">2018-08-06 00:00:00</subfield>
    <subfield code="t">4</subfield>
    <subfield code="w">2018-08-06</subfield>
    <subfield code="y">BK</subfield>
  </datafield>
  <datafield tag="952" ind1=" " ind2=" ">
    <subfield code="0">0</subfield>
    <subfield code="1">0</subfield>
    <subfield code="2">lcc</subfield>
    <subfield code="4">0</subfield>
    <subfield code="7">0</subfield>
    <subfield code="a">WIUC-1</subfield>
    <subfield code="b">WIUC-1</subfield>
    <subfield code="c">GEN</subfield>
    <subfield code="d">2018-08-06</subfield>
    <subfield code="l">0</subfield>
    <subfield code="o">QP141.W384</subfield>
    <subfield code="p">8335/154/18</subfield>
    <subfield code="r">2018-08-06 00:00:00</subfield>
    <subfield code="t">5</subfield>
    <subfield code="w">2018-08-06</subfield>
    <subfield code="y">BK</subfield>
  </datafield>
  <datafield tag="952" ind1=" " ind2=" ">
    <subfield code="0">0</subfield>
    <subfield code="1">0</subfield>
    <subfield code="2">lcc</subfield>
    <subfield code="4">0</subfield>
    <subfield code="7">0</subfield>
    <subfield code="a">WIUC-1</subfield>
    <subfield code="b">WIUC-1</subfield>
    <subfield code="c">GEN</subfield>
    <subfield code="d">2018-08-06</subfield>
    <subfield code="l">0</subfield>
    <subfield code="o">QP141.W385</subfield>
    <subfield code="p">8336/155/18</subfield>
    <subfield code="r">2018-08-06 00:00:00</subfield>
    <subfield code="t">6</subfield>
    <subfield code="w">2018-08-06</subfield>
    <subfield code="y">BK</subfield>
  </datafield>
  <datafield tag="952" ind1=" " ind2=" ">
    <subfield code="0">0</subfield>
    <subfield code="1">0</subfield>
    <subfield code="2">lcc</subfield>
    <subfield code="4">0</subfield>
    <subfield code="7">0</subfield>
    <subfield code="a">WIUC-1</subfield>
    <subfield code="b">WIUC-1</subfield>
    <subfield code="c">NURS L.</subfield>
    <subfield code="d">2018-08-06</subfield>
    <subfield code="l">0</subfield>
    <subfield code="o">QP141.W38</subfield>
    <subfield code="p">NURS/556/218/18</subfield>
    <subfield code="r">2018-08-14 00:00:00</subfield>
    <subfield code="t">7</subfield>
    <subfield code="w">2018-08-06</subfield>
    <subfield code="y">BK</subfield>
  </datafield>
  <datafield tag="952" ind1=" " ind2=" ">
    <subfield code="0">0</subfield>
    <subfield code="1">0</subfield>
    <subfield code="2">lcc</subfield>
    <subfield code="4">0</subfield>
    <subfield code="7">0</subfield>
    <subfield code="a">WIUC-1</subfield>
    <subfield code="b">WIUC-1</subfield>
    <subfield code="c">NURS L.</subfield>
    <subfield code="d">2018-08-06</subfield>
    <subfield code="l">0</subfield>
    <subfield code="o">QP141.W381</subfield>
    <subfield code="p">NURS/557/219/18</subfield>
    <subfield code="r">2018-08-14 00:00:00</subfield>
    <subfield code="t">8</subfield>
    <subfield code="w">2018-08-06</subfield>
    <subfield code="y">BK</subfield>
  </datafield>
  <datafield tag="952" ind1=" " ind2=" ">
    <subfield code="0">0</subfield>
    <subfield code="1">0</subfield>
    <subfield code="2">lcc</subfield>
    <subfield code="4">0</subfield>
    <subfield code="7">0</subfield>
    <subfield code="a">WIUC-1</subfield>
    <subfield code="b">WIUC-1</subfield>
    <subfield code="c">NURS L.</subfield>
    <subfield code="d">2018-08-06</subfield>
    <subfield code="l">0</subfield>
    <subfield code="o">QP141.W382</subfield>
    <subfield code="p">NURS/558/220/18</subfield>
    <subfield code="r">2018-08-14 00:00:00</subfield>
    <subfield code="t">9</subfield>
    <subfield code="w">2018-08-06</subfield>
    <subfield code="y">BK</subfield>
  </datafield>
  <datafield tag="952" ind1=" " ind2=" ">
    <subfield code="0">0</subfield>
    <subfield code="1">0</subfield>
    <subfield code="2">lcc</subfield>
    <subfield code="4">0</subfield>
    <subfield code="7">0</subfield>
    <subfield code="a">WIUC-1</subfield>
    <subfield code="b">WIUC-1</subfield>
    <subfield code="c">NURS L.</subfield>
    <subfield code="d">2018-08-06</subfield>
    <subfield code="l">0</subfield>
    <subfield code="o">QP141.W383</subfield>
    <subfield code="p">NURS/559/221/18</subfield>
    <subfield code="r">2018-08-14 00:00:00</subfield>
    <subfield code="t">10</subfield>
    <subfield code="w">2018-08-06</subfield>
    <subfield code="y">BK</subfield>
  </datafield>
  <datafield tag="952" ind1=" " ind2=" ">
    <subfield code="0">0</subfield>
    <subfield code="1">0</subfield>
    <subfield code="2">lcc</subfield>
    <subfield code="4">0</subfield>
    <subfield code="7">0</subfield>
    <subfield code="a">WIUC-1</subfield>
    <subfield code="b">WIUC-1</subfield>
    <subfield code="c">NURS L.</subfield>
    <subfield code="d">2018-08-06</subfield>
    <subfield code="l">0</subfield>
    <subfield code="o">QP141.W384</subfield>
    <subfield code="p">NURS/560/222/18</subfield>
    <subfield code="r">2018-08-14 00:00:00</subfield>
    <subfield code="t">11</subfield>
    <subfield code="w">2018-08-06</subfield>
    <subfield code="y">BK</subfield>
  </datafield>
  <datafield tag="952" ind1=" " ind2=" ">
    <subfield code="0">0</subfield>
    <subfield code="1">0</subfield>
    <subfield code="2">lcc</subfield>
    <subfield code="4">0</subfield>
    <subfield code="7">0</subfield>
    <subfield code="a">WIUC-1</subfield>
    <subfield code="b">WIUC-1</subfield>
    <subfield code="c">NURS L.</subfield>
    <subfield code="d">2018-08-06</subfield>
    <subfield code="l">0</subfield>
    <subfield code="o">QP141.W385</subfield>
    <subfield code="p">NURS/561/223/18</subfield>
    <subfield code="r">2018-08-14 00:00:00</subfield>
    <subfield code="t">12</subfield>
    <subfield code="w">2018-08-06</subfield>
    <subfield code="y">BK</subfield>
  </datafield>
</record>
